000
00203 a2200097 4500
001
27475
100
_a
Trigg, G L
245
_a
Tne Nimonic alloys
260
_a
_b
Edward Arnold
_c
090
_c
18269
_d
18269
942
_a
NUST-CAE
_c
M
_c
9190
999
_c
262548
_d
262548